000 00813nam a2200241 i 4500
001 183930
003 ES-MaACL
005 20251003191814.0
008 141201s1969 sp |||| | spa d
080 _a953"11"(093.32)
100 0 _aAbd-al-Malik b. Muhammad b. Ibn Sahib Al-Sala,
_9156001
245 1 3 _aAl-mann bil-Imama /
_cestudio preliminar, traducción e índices por Ambrosio Huici Miranda.
260 _aValencia :
_bAnubar,
_c1969.
300 _a251 p. ;
_c22 cm.
490 1 _aTextos medievales ;
_v24
500 _aÍndices.
594 _aPrecede al tít.: Ibn Sahib al-Sala.
650 7 _aAlmohades.
_9156002
700 1 _aHuici Miranda, Ambrosio,
_d1880-1973
_964662
830 0 _aTextos medievales ;
_v24
_9179970
852 _aES-MaACL
_jE-15438
_z- enc. tela
999 _c183930
_d183930